Οι σφαγές του 1822 και η ζωή μου = The massacres of Chios 1822 : a personal narrative written for my family

Αποθηκεύτηκε σε:
Λεπτομέρειες βιβλιογραφικής εγγραφής
Κύριος συγγραφέας: Cοlvocoresses, George M. (George Musalas), 1816-1872
Μορφή: Βιβλίο
Γλώσσα:Greek
English
Δημοσίευση: Αθήνα : Φιλοπρόοδος Ομιλος Κάμπου (Χίος), 1992.
Θέματα:
Ετικέτες: Προσθήκη ετικέτας
Δεν υπάρχουν, Καταχωρήστε ετικέτα πρώτοι!

MARC

LEADER 00000cam a2200000 i 4500
001 1/24011
008 950329s1992 gr | ||| |||| ||gre||
020 |a 9608523508 
035 |l 10022198 
040 |a GR-MyUa  |b gre  |e AACR2 
041 1 |a gre  |h eng 
082 7 |a 938.534092   |2 (22) 
100 1 |a Cοlvocoresses, George M.   |q (George Musalas),   |d 1816-1872. 
245 1 3 |a Οι σφαγές του 1822 και η ζωή μου =   |b The massacres of Chios 1822 : a personal narrative written for my family /   |c Γεώργιος Κ. Καλβοκορέσης. 
260 |a Αθήνα :   |b Φιλοπρόοδος Ομιλος Κάμπου (Χίος),   |c 1992. 
600 1 0 |a Cοlvocoresses, George M.   |q (George Musalas),   |d 1816-1872. 
651 0 |a Greece  |x History  |y War of Independence, 1821-1829. 
651 0 |a Chios (Greece : Municipality)  |x History  |y 19th century. 
852 |a INST  |b CHIOS  |e 19950329  |h 938.534092 COL  |p 005200002090  |q 005200002090  |t BK  |y 0 
852 |a INST  |b CHIOS  |e 20020321  |h 938.534092 COL  |p 005200020014  |q 005200020014  |t BK  |y 0 
901 |a BIBL2-2002-1 
922 |a 2ΕΛΗ  |b 200111  |c ΒΙΒΛΙΟΘΗΚΗ ΧΙΟΥ  |d ΚΡΟΜΜΥΔΑΣ